|
|
|
|
| LEADER |
00000nam1a2200000 4500 |
| 001 |
209993 |
| 005 |
20231101225601.0 |
| 020 |
|
|
|a RU
|b 80-9161и
|
| 035 |
|
|
|a (RuTPU)RU\TPU\book\229353
|
| 090 |
|
|
|a 209993
|
| 100 |
|
|
|a 20120217d1980 m y0rusy5003 ca
|
| 101 |
0 |
|
|a rus
|
| 200 |
1 |
|
|a Сердцем слушая революцию...
|e альбом
|f Авт. вступит. статьи и сост. М. Герман
|
| 210 |
|
|
|a Ленинград
|c Аврора
|d 1980
|
| 215 |
|
|
|a 37, [7] с.
|c 101 л. ил.
|
| 225 |
1 |
|
|a Искусство первых лет Октября
|
| 606 |
1 |
|
|a Изобразительное искусство
|2 stltpush
|3 (RuTPU)RU\TPU\subj\12291
|9 39102
|
| 610 |
1 |
|
|a декоративно-прикладное искусство
|
| 610 |
1 |
|
|a театрально-декорационное искусство советское
|
| 610 |
1 |
|
|a оформительское искусство советское
|
| 610 |
1 |
|
|a живопись
|
| 610 |
1 |
|
|a плакаты
|
| 610 |
1 |
|
|a почтовые марки
|
| 610 |
1 |
|
|a скульптура
|
| 610 |
1 |
|
|a агитационные поезда
|
| 610 |
1 |
|
|a альбомы
|
| 675 |
|
|
|a 7(084)
|z rus
|
| 702 |
|
1 |
|a Герман
|b М. Г.
|4 220
|
| 801 |
|
0 |
|a RU
|b RuMRKP
|c 19950704
|g psbo
|
| 801 |
|
1 |
|a RU
|b 63413507
|c 20120217
|
| 801 |
|
2 |
|a RU
|b 63413507
|c 20130610
|g RCR
|
| 942 |
|
|
|c BK
|